| 000 | 00529nam a22001697a 4500 | ||
|---|---|---|---|
| 999 |
_c8391 _d8391 |
||
| 008 | 201117b ||||| |||| 00| 0 eng d | ||
| 040 | _aBMS College of Architecture | ||
| 100 | _aGoel,Shreya | ||
| 245 | _aNibandhana - laya - an intergenerationl center | ||
| 300 | _a50p. | ||
| 500 | _a1BM15AT099 | ||
| 502 |
_8B,Arch _NBMS College of Architecture, Visvesvaraya Technological University (VTU) _aProject report _d2019 |
||
| 650 | _aNA | ||
| 700 |
_aDakshyani R Patil _eGuide |
||
| 700 |
_aAditya Kiran _eGuide |
||
| 942 |
_2ddc _cTHE |
||